00652nam a2200181 i 450000100060000000300090000600500170001500700030003200800410003510000330007624501100010926000410021930000250026070000270028585200210031299900170033395201200035071077ES-MaACL20230906171018.0t|040805s1934 xxk ||||1| eng d1 aGathorne-Hardy, G. M.95596012aA short history of international affairs 1920-1934 / cby G.M. Gathorne-Hardy ; preface by Eustace Percy. aOxford : bUniversity Press, c1934. aX, 351 p. ; c22 cm.1 aPercy, Eustace.990416 aES-MaACLjA-3322 c71077d71077 00104070aATENEOMbATENEOMcSPP1d2008-01-17eSCl0oA-3322p1074425r2023-02-23 00:00:00w2023-02-23yMONOGRAFIA